000 00622nam a2200181Ia 4500
008 100917s9999 xx 000 0 und d
082 _b64861
100 _aप्रभु बबन
245 _aदिनूच्या सासूबाई राधाबाई
260 _bमॅजेस्टिक बुक स्टॉल
_c1960
300 _a128
365 _b5
520 _aनाटक
630 _aदिनूच्या सासूबाई राधाबाई
650 _aनाटक
730 _aदिनूच्या सासूबाई राधाबाई
942 _cBOOK
999 _c670255
_d670252